00400nam a2200157Ia 4500008004100000020001800041041000800059082001500067100001400082245003700096250001300133260002800146300000900174365001600183700004300199230714s9999 xx 000 0 und d a9790000000000 aeng a541.3bPUR aPuri B.R. aPrinciples Of Physical Chemistry a47th ed. c2016bVishal Publishing a1366 cRs.b695.00 aPuri B.R.; Sharma L.R. & Pathania M.S.